000
00309nam a2200145Ia 4500
008
230605s9999 xx 000 0 und d
041
_a
eng
245
_a
Strategic Management
260
_b
Zerox Copy
300
_a
290
365
_b
460
_h
20
500
_a
260
520
_a
General
650
_a
STRATEGIC
999
_c
418962
_d
418962